| 000 | 00476nam a2200181Ia 4500 | ||
|---|---|---|---|
| 001 | 9576 | ||
| 005 | 20260306161728.0 | ||
| 008 | 260306t2011||||xx |||||||||||||| ||spa|| | ||
| 041 | _aESP | ||
| 082 |
_a382.1 _bM29 |
||
| 100 |
_aMaubert Viveros, Claudio, _eAUT |
||
| 245 | 0 |
_aComercio internacional : _baspectos operativos. administrativos y financieros |
|
| 260 | _c2011 | ||
| 300 |
_a216 páginas : _c23 cm. |
||
| 650 | _aGEN | ||
| 654 | _aCAN | ||
| 942 |
_cLIB _dJUS _fJUS _2ddc _n |
||
| 999 |
_c9576 _d9576 |
||